| 000 | 00957nam a2200253Ia 4500 | ||
|---|---|---|---|
| 003 | OSt | ||
| 005 | 20221005112407.0 | ||
| 006 | a|||||r|||| 00| 0 | ||
| 007 | ta | ||
| 008 | 221004b |||||||| |||| 00| 0 hin d | ||
| 020 |
_a9789382011941 (pbk) _c150 |
||
| 024 | _a13959 | ||
| 037 |
_b883, 08/09/2014, H.K. Prakashan _cTextual |
||
| 040 |
_aCRL _cCRL _bhin |
||
| 041 |
_2hin _ahin |
||
| 082 | _aO152,3M80:g, 153Q4 | ||
| 100 | _aਗੁਲਾਟੀ, ਧਰਮ ਸਿੰਘ, ੳਗ। | ||
| 245 | 0 | _aਮੁਨੀ ਪ੍ਰੇਮਚੰਦ ਦੀਆਂ ਗ਼ਬਤੁਦਾ ਕਹਾਣੀਆਂ | |
| 260 |
_aਸਮਾਣਾ _bਸੰਗਮ ਪਬਲੀਕੇਨਗ਼ ਭਾਰਤ _c2014 |
||
| 300 |
_a200ਪੰ _ccm. |
||
| 650 | _aਹਿੰਦੀ ਸਾਹਿਤ | ||
| 942 |
_hO152,3M80:g, 153Q4 _cTEXL _2cc |
||
| 999 |
_c1024742 _d1024742 |
||